000 00698ntaaa2200205 4500
003 01
005 20251027202233.0
008 0714s1973 ag 01
040 _aAR-BaBN
_bspa
_cAR-BaBN
_eaacr
_dRIC
082 _a268.1100 Es1
245 _aProgramas para los obreros en la escuela bíblica de vacaciones
250 _a1 ed.
260 _aEl Paso :
_bCasa Bautista de pupblicaciones,
_cn.f.
300 _a2 tomos
500 _aEjs. 1-4 (18020-18023), 6-8 (18025-18027), 12-17 (18031-18036) and 19-29(18038-18048) retirados definitivamente de biblioteca, Octubre 1973
650 _aescuela bíblica de vacaciones
650 _apárvulos
_93768
700 _aShumate, Aurora
_920825
942 _cBK
999 _c17206
_d17206